LEADER 01461nam 2200385 a 450 001 9910695952103321 005 20070730104838.0 035 $a(CKB)5470000002374280 035 $a(OCoLC)159933918 035 $a(EXLCZ)995470000002374280 100 $a20070730d2007 ua 0 101 0 $aeng 135 $aurmn||||||||| 181 $ctxt$2rdacontent 182 $cc$2rdamedia 183 $acr$2rdacarrier 200 10$aMilitary health care$b[electronic resource] $eTRICARE cost-sharing proposals would help offset increasing health care spending, but projected savings are likely overestimated : report to congressional committees 210 1$a[Washington, D.C.] :$cU.S. Govt. Accountability Office,$d[2007] 215 $aiii, 46 pages $cdigital, PDF file 300 $aTitle from title screen (viewed on July 11, 2007). 300 $a"May 2007." 300 $aPaper version available from: U.S. Govt. Accountability Office, 441 G St., NW, Rm. LM, Washington, D.C. 20548. 300 $a"GAO-07-647." 320 $aIncludes bibliographical references. 517 $aMilitary health care 606 $aSoldiers$xMedical care$zUnited States 606 $aManaged care plans (Medical care)$zUnited States 615 0$aSoldiers$xMedical care 615 0$aManaged care plans (Medical care) 801 0$bGPO 801 1$bGPO 906 $aBOOK 912 $a9910695952103321 996 $aMilitary health care$92883635 997 $aUNINA